MAASAI MARA UNIVERSITY

LIBRARY CATALOGUE

Contact Us: +254 020 2685356/7 or 0774 057787

Box: 861-20500, NAROK, KENYA

Email: info@mmarau.ac.ke

_Genes IX Brent: Student Study Guide to Accompany L. Nielsen (Record no. 7997)

MARC details
000 -LEADER
fixed length control field 00404nam a2200133Ia 4500
008 - FIXED-LENGTH DATA ELEMENTS--GENERAL INFORMATION
fixed length control field 151021s9999 xx 000 0 und d
020 ## - INTERNATIONAL STANDARD BOOK NUMBER
International Standard Book Number 9.7807637617e+012
050 ## - LIBRARY OF CONGRESS CALL NUMBER
Classification number QH 430 .N 2009
245 ## - TITLE STATEMENT
Title _Genes IX Brent: Student Study Guide to Accompany L. Nielsen
260 ## - PUBLICATION, DISTRIBUTION, ETC. (IMPRINT)
Place of publication, distribution, etc. Boston Jones and Bartlett 2009
300 ## - PHYSICAL DESCRIPTION
Extent v,194p,;ill
650 ## - SUBJECT ADDED ENTRY--TOPICAL TERM
Topical term or geographic name as entry element _Immune Diversity
980 ## - EQUIVALENCE OR CROSS-REFERENCE-SERIES STATEMENT--PERSONAL NAME/TITLE [LOCAL, CANADA]
Personal name ^d20110823 11:30:40^oanne

No items available.

© 2016 Maasai Mara University.